Development and change

Gespeichert in:
Bibliographische Detailangaben
Format: Schriftenreihe
Sprache:Englisch
Veröffentlicht: Hague Institute of Social Studies 2002
Schlagworte:
Tags: Tag hinzufügen
Keine Tags, Fügen Sie das erste Tag hinzu!

MARC

LEADER 00000nas2a2200000 4500
001 0039036
005 20230911080502.9
022 |a 0012-155X 
041 0 |a eng 
044 |a NL 
245 1 0 |a Development and change 
264 1 |a Hague  |b Institute of Social Studies  |c 2002 
773 0 |w eu_un_cat*s124110 
610 2 0 |a vývoj sociálny 
610 2 0 |a systémy sociálne 
610 2 0 |a krajiny rozvojové